Kúzlo modrého dymu (svet cigár)

Bibliographic Details
Main Author: Hláva, Fridrich (Author)
Format: Book
Language:Slovak
PhysicalDescription:41 s. ilustr., mp., tab. 20 cm
Published: Bratislava Bonus Real 2003
ISBN:8096903403
Edition:[1. vyd.]
Subjects:

MARC

LEADER 00000nam a2200000 a 4500
001 vtls001465515
003 SK-MaSNL
005 20260301014319.0
008 240314s2003 xo ab gr 0 slo
015 |a SNBA2004/04-01435 
020 |a 8096903403 
035 |a SNK000420820 
040 |a SNK  |b slo  |c SNK  |e AACR2 
041 0 |a slo 
044 |a xo  |c SK 
072 7 |a 663  |x Priemysel nápojov. Kvasný priemysel. Priemysel pochutín  |2 konspekt 
080 |a 663.971/.975  |2 1981 
080 |a 663.975  |2 1981 
080 |a (035)  |2 1981 
100 1 |a Hláva, Fridrich  |4 aut  |9 181049 
245 1 0 |a Kúzlo modrého dymu  |b (svet cigár)  |c Fridrich Hláva 
250 |a [1. vyd.] 
260 |a Bratislava  |b Bonus Real  |c 2003 
300 |a 41 s.  |b ilustr., mp., tab.  |c 20 cm 
500 |a Fareb. fotogr. na predsádkach. Ilustr. na tit. strane 
500 |a Vyd. pre MY&MI, Bratislava 
650 0 7 |a tabakové výrobky  |2 SNKPH  |9 4250 
650 0 7 |a cigary  |2 SNKPH  |9 18008 
655 7 |a príručky  |2 SNKPH  |9 74364 
919 |a 80-969034-0-3 
968 |d 66/69 
999 |c 558359  |d 560289 
952 |t P60, <03>, [BOOK], {603}  |a SNK  |b SNK  |y PREZ  |7 0  |p 17A0408172  |o snkSD 73435  |i snkKSP 22/2004  |0 0  |1 0  |4 0  |d 2003-12-22  |l 0  |r 2025-11-20 00:00:00  |w 2026-02-23 
952 |t P60, <04>, [BOOK], {604}  |a SNK  |b SNK  |y VYP  |7 0  |p 17A0448897  |o snkSD 73435 D1  |i snkKSP 13408/2004  |0 0  |1 0  |4 0  |d 2004-10-15  |l 0  |r 2005-01-02 00:00:00  |w 2026-02-23